Byzantine lead seals
Αποθηκεύτηκε σε:
| Κύριος συγγραφέας: | |
|---|---|
| Άλλοι συγγραφείς: | |
| Μορφή: | Βιβλίο |
| Γλώσσα: | English |
| Δημοσίευση: |
Germany :
Basel,
1972.
|
| Θέματα: | |
| Ετικέτες: |
Προσθήκη ετικέτας
Δεν υπάρχουν, Καταχωρήστε ετικέτα πρώτοι!
|
MARC
| LEADER | 00000cam a2200000 i 4500 | ||
|---|---|---|---|
| 001 | 1/7 | ||
| 008 | 961101s1972 gw | ||| |||| ||eng|| | ||
| 035 | |l 10025662 | ||
| 040 | |a GR-MyUa |b gre |e AACR2 | ||
| 041 | 0 | |a eng | |
| 082 | 7 | |a 737.6 |2 (22) | |
| 100 | 1 | |a Zacos, G. | |
| 245 | 1 | 0 | |a Byzantine lead seals / |c G.Zagos, A. Veglery. |
| 260 | |a Germany : |b Basel, |c 1972. | ||
| 300 | |a 1 τ. σε 4 : |b εικ. ; |c 34 εκ. | ||
| 650 | 0 | |a Seals (Numismatics) |z Byzantine Empire. | |
| 700 | 1 | |a Veglery, A. | |
| 852 | |a INST |b CHIOS |e 19961105 |h 737.6 ZAC |p 005200011109 |q 005200011109 |t BK |y 0 |z τ.1:τευχ.4 | ||
| 852 | |a INST |b CHIOS |e 19961101 |h 737.6 ZAC |p 005200011118 |q 005200011118 |t BK |y 0 |z τ.1:τευχ.3 | ||
| 852 | |a INST |b CHIOS |e 19961101 |h 737.6 ZAC |p 005200011119 |q 005200011119 |t BK |y 0 |z τ.1:τευχ.2 | ||
| 852 | |a INST |b CHIOS |e 19961101 |h 737.6 ZAC |p 005200011120 |q 005200011120 |t BK |y 0 |z τ.1:τευχ.1 | ||
| 852 | |a INST |b CHIOS |e 19961105 |h 737.6 ZAC |p 005200011109 |q 005200011109 |t BK |v τ.1;τεύχ.4: |y 0 |z τ.1:τευχ.4 | ||
| 852 | |a INST |b CHIOS |e 19961101 |h 737.6 ZAC |p 005200011118 |q 005200011118 |t BK |v τ.1;τεύχ.3: |y 0 |z τ.1:τευχ.3 | ||
| 852 | |a INST |b CHIOS |e 19961101 |h 737.6 ZAC |p 005200011119 |q 005200011119 |t BK |v τ.1;τεύχ.2: |y 0 |z τ.1:τευχ.2 | ||
| 852 | |a INST |b CHIOS |e 19961101 |h 737.6 ZAC |p 005200011120 |q 005200011120 |t BK |v τ.1;τεύχ.1: |y 0 |z τ.1:τευχ.1 | ||
| 853 | |a INST |b CHIOS |h 737.6 ZAC | ||